00390nam a2200109Ia 4500008004100000082002100041100002300062245003200085260003000117300001000147650012300157211119s9999||||xx |||||||||||||| ||und|| a894.812 8bPRA-H aPrasannakumar, K B 0aHimalayam:kazhcha, Darsanam bD c BooksaKottayamc2007 a179p. a Literature & rhetoricvLiteratures of other languagesAltaic, Uralic, Hyperborean & Dravidian GeneraliaxGeneral stack